000 00611nam a2200205Ia 4500
003 IIN
005 20240109121052.0
008 231217s9999 xx 000 0 und d
020 _cRs.210.00
_a9788123919997
040 _aIIN
_bEnglish
082 _a610.73
_bBHA
100 1 _aBhattacharjee, Tapati
245 1 _aGeriatric Nursing:
_bNursing Care of the Elderly
_cTapati Bhattacharjee
260 _bCBS
_aNew Delhi
_c2014
300 _axvi, 92 p.
500 _aThis book contain: Old ages patient nursing care, Treatment , etc.
650 1 _aFoundation
_vNursing
650 1 _aGeriatric Nursing
942 _cBOOK
999 _c425
_d425